00460 2200169 4500001002100000008004100021035002000062245005400082100001700136260004500153300002400198020002200222084001400244082000800258650000900266990001500275INLIS000000000003313 ind  a0010-1225000134 a500 Fakta Fantastis Tentang PenemuancAnne Rooney aRooney, Anne aJakartabPT. Elex Media Komputindoc2024 a304 hlmc15 x 24 cm a978-623-00-5925-4 a000 ANN f a000 aUmum a19824/B/26